00695 2200229 4500001002100000005001700021008004100038035002400079082001000103090001500113245013800128250001800266260003000284300002300314500003100337650002100368700002800389850001200417980001500429985000600444999001500450YOGYA-0209000006967720090227093245.0 ind  0010-020900000069677 a320.5 a320.5bBeb aBEBERAPA Ideologi dan implementasinya dalam kehidupan kenegaraan (bidang politik dan pemerintahan)cHerqutanto Sosronegoro...[et.al.] aEd. 1, cet. 1 aYogyakartabLibertyc1984 aix, 137 hlmc23 cm aBibliografi : hlm. 124-128 aIdeologi politik aSosronegoro, Herqutanto aYOPDYOG a31-10-2008 a1 a08A0036284